00964pam a22003011ia4500001001400000003000400014005001700018008004100035015001400076020003300090020003800123040002900161082001900190100002800209245004400237246002900281264005400310300005300364336002100417337002500438338002300463490004000486500003700526650002700563650001200590651002000602830004000622vtls000845304PNM20190107122904.0180117s2018 my ao j 000 0 may  aM18-01213 a9789670947587cRM199.00qset a9789670947648cRM24.87qpaperback aBNMbengcBNMerdadPPAK04a398.2095952230 aMuhammad Afis,eauthor.10aTUN FATIMAH & TUN TEJA /cMuhammad Afis33aTun Fatimah dan Tun Teja 1aKuala Lumpur :bSEMARAK MURNI ENTERPRISE,c[2018] a40 pages :billustrations, photographs ;c26 cm. atext2rdacontent aunmediated2rdamedia avolume2rdacarrier1 aMenjejaki Bukti Wujud Legenda Silam aIncludes questions and exercises10aFolk literature, Malay20aLegends20aMelakaxHistory aMenjejaki bukti wujud legenda silam